Loading...
Any History | 9 | 18.89 | 100% | 89% | 0% |
Current Events | 4 | 20.00 | 100% | 100% | 0% |
Fine Arts - Classical Music | 8 | 21.25 | 100% | 88% | 25% |
Fine Arts - Other Fine Arts | 8 | 17.50 | 100% | 75% | 0% |
Geography | 6 | 15.00 | 83% | 67% | 0% |
History - American History | 8 | 16.25 | 88% | 75% | 0% |
History - European History | 8 | 21.25 | 100% | 88% | 25% |
History - World History | 8 | 15.00 | 100% | 50% | 0% |
Literature - American Literature | 9 | 16.67 | 100% | 67% | 0% |
Literature - British Literature | 11 | 18.18 | 100% | 64% | 18% |
Literature - European Literature | 9 | 17.78 | 100% | 56% | 22% |
Literature - World Literature | 7 | 20.00 | 100% | 71% | 29% |
Mythology | 5 | 18.00 | 100% | 60% | 20% |
Other Academic | 4 | 17.50 | 100% | 75% | 0% |
Painting & Sculpture | 6 | 18.33 | 100% | 67% | 17% |
Philosophy | 9 | 22.22 | 100% | 78% | 44% |
Religion | 9 | 14.44 | 100% | 33% | 11% |
Science - Biology | 10 | 17.00 | 100% | 60% | 10% |
Science - Chemistry | 9 | 20.00 | 100% | 78% | 22% |
Science - Other Science | 12 | 20.00 | 100% | 83% | 17% |
Science - Physics | 15 | 20.00 | 100% | 73% | 27% |
Social Science | 10 | 17.00 | 90% | 80% | 0% |